Diglossia : a comprehensive bibliography, 1960-1990 : and supplements
Αποθηκεύτηκε σε:
| Κύριος συγγραφέας: | |
|---|---|
| Μορφή: | Βιβλίο |
| Γλώσσα: | English |
| Δημοσίευση: |
Amsterdam :
Benjamins,
c1993
|
| Σειρά: | Amsterdam studies in the theory and history of linguistic science. Library and information sources in linguistics ;
; Series V |
| Θέματα: | |
| Ετικέτες: |
Προσθήκη ετικέτας
Δεν υπάρχουν, Καταχωρήστε ετικέτα πρώτοι!
|
MARC
| LEADER | 00000nam a2200000 i 4500 | ||
|---|---|---|---|
| 001 | 1/21783 | ||
| 008 | 970708s1993 eng d | ||
| 020 | |a 90-272-3749-2 (Eur.) | ||
| 020 | |a 1-55619-253-3 (US) | ||
| 035 | |a 1994 |b 3 |c Σκούρτου |l 10036393 | ||
| 040 | |a GR-MY-UA |b gre |e aacr | ||
| 041 | 0 | |a eng | |
| 082 | 0 | |a 016.30644 | |
| 100 | 1 | |a Fernandez, Mauro. | |
| 245 | 1 | 0 | |a Diglossia : |b a comprehensive bibliography, 1960-1990 : and supplements / |c compiled by Mauro Fernandez |
| 260 | |a Amsterdam : |b Benjamins, |c c1993 | ||
| 300 | |a 472 σ.; |c 23 εκ. | ||
| 490 | 1 | |a Amsterdam studies in the theory and history of linguistic science. Library and information sources in linguistics |v ; 23; Series V |x 0165-7267 | |
| 650 | 0 | 0 | |a Diglossia (Linguistics) |x Bibliography. |
| 830 | 0 | |a Amsterdam studies in the theory and history of linguistic science. Library and information sources in linguistics ; |v ; Series V | |
| 852 | |a INST |b LESVOS |e 19991208 |h 016.30644 FER |p 005100022610 |q 005100022610 |t BK |y 0 | ||
| 852 | |a INST |b RHODES |e 19970708 |h 016.30644 FER |p 005400007552 |q 005400007552 |t BK |y 0 | ||
| 909 | |a Ρ |b 038446 |c 1994 | ||
| 909 | |a Λ |b 066989 | ||